Spotrebiteľská politika členských krajín Európskej únie a jej inštitucionálne zabezpečenie
Obsahové vymedzenie spotrebiteľskej politiky. Postavenie spotrebiteľskej politiky v jednotlivých členských štátoch EÚ. Inštitucionálna štruktúra ochrany spotrebiteľa krajín EÚ. Silné a slabé stránky inštitucionálneho zabezpečenia ochrany spotrebitela a spotrebiteľskej politiky.
Saved in:
| Main Author: | |
|---|---|
| Format: | Book Chapter |
| Language: | Slovak |
| Subjects: | |
| Tags: |
No Tags, Be the first to tag this record!
|
MARC
| LEADER | 00000naa$a2200000$$$4500 | ||
|---|---|---|---|
| 001 | 0043020 | ||
| 005 | 20240502071518.4 | ||
| 041 | 0 | |a slo | |
| 044 | |a SK | ||
| 245 | 1 | 0 | |a Spotrebiteľská politika členských krajín Európskej únie a jej inštitucionálne zabezpečenie |c Marína Korčoková |
| 520 | |a Obsahové vymedzenie spotrebiteľskej politiky. Postavenie spotrebiteľskej politiky v jednotlivých členských štátoch EÚ. Inštitucionálna štruktúra ochrany spotrebiteľa krajín EÚ. Silné a slabé stránky inštitucionálneho zabezpečenia ochrany spotrebitela a spotrebiteľskej politiky. | ||
| 610 | 2 | 0 | |a Slovensko |
| 610 | 2 | 0 | |a politika spotrebiteľská |
| 610 | 2 | 0 | |a Európska únia |
| 610 | 2 | 0 | |a ochrana spotrebiteľa |
| 610 | 2 | 0 | |a konkurencia |
| 610 | 2 | 0 | |a združenia |
| 100 | 1 | |a Korčoková, Marína, 1970- | |